| 000 | 02906cam a2200517 i 4500 | ||
|---|---|---|---|
| 001 | 193319 | ||
| 003 | SpMaBN | ||
| 005 | 20250712063138.0 | ||
| 007 | ta | ||
| 008 | 231102s2000 sp | ||| ||spa | ||
| 016 | 7 |
_abimoBNE20001918302 _2SpMaBN |
|
| 017 |
_aB 23391-2000 _bOficina Depósito Legal Barcelona |
||
| 020 | _a8401376750 | ||
| 035 | _a(OCoLC)433213712 | ||
| 035 | _abimo0001608470 | ||
| 040 |
_aSpMaBN _bspa _cSpMaBN _erdc _dES-MaACL |
||
| 080 | _a796.52 Irvine, Andrew | ||
| 080 | _a796.52 Leigh-Mallory, George Herbert | ||
| 080 | _a796.52(235 Everest) | ||
| 100 | 1 |
_aHemmleb, Jochen _0XX1496139 _9234460 _eaut |
|
| 245 | 1 | 4 |
_aLos fantasmas del Everest : _bel relato de la expedición que encontró el cuerpo de Mallory / _cJochen Hemmleb, Larry A. Johnson, Eric R. Simonson ; con la colaboración de William E. Nothdurft ; traducción de María Beneyto |
| 250 | _a1ª ed. | ||
| 260 |
_aBarcelona : _bPlaza & Janés, _c2000 |
||
| 300 |
_a255 páginas, [16] páginas de láminas (color) : _bilustraciones (blanco y negro) ; _e24 cm |
||
| 336 |
_2rdacontent _aTexto |
||
| 337 |
_2rdamedia _asin mediación |
||
| 338 |
_2rdacarrier _avolumen |
||
| 500 | _aÍndice | ||
| 504 | _aBibliografía: páginas 241-251 | ||
| 520 | _aLos fantasmas del Everest. El relato de la expedición que encontró el cuerpo de Mallory, trad. de María Beneyto, Barcelona, Plaza & Janés, junio de 2000, primera edición castellana, 256 pp. + un cuadernillo central con fotografías a color. Cartoné editorial con sobrecubierta ilustrada. Muy buen estado. 24 x 16,5 cms. ¿Por qué organizar una expedición a la montaña más alta del mundo sólo para buscar los cuerpos de Mallory e Irvine, desaparecidos en la cara norte en 1924? En una gran labor de investigación científica, de organización y de experiencias de montaña, la Mallory & Irvine Research Expedition de 1999, localizó el cuerpo de Mallory y con él algunas pistas que sirven para reestructurar todas las hipótesis sobre su posible ascenso al Everest. | ||
| 534 | _pTítulo original: Ghosts of Everest | ||
| 600 | 1 | 4 |
_aMallory, George, _d1886-1924 _2embne _9234461 |
| 600 | 1 | 4 |
_aIrvine, Andrew, _d1902-1924 _2embne _9234462 |
| 611 | 2 | 4 |
_aExpedición al Everest _d(1924) _2embne _9234463 |
| 700 | 1 |
_aJohnson, Larry A. _9234464 _eaut |
|
| 700 | 1 |
_aSimonson, Eric. R. _9234465 _eaut |
|
| 700 | 1 |
_aBeneyto, María _927559 _etrl |
|
| 852 |
_aEs-MaACL _bR.154787 _9200764 _cDEPOJ _hDonación: José Lázaro García _xEncuadernación cartoné con sobrecubiertas _jN-9510 |
||
| 903 |
_9234219 _aLázaro García, José _ednr |
||
| 942 |
_n0 _cMONOGRAFIA |
||
| 999 |
_c193319 _d193319 |
||